| 000 | 00938nam a2200253Ia 4500 | ||
|---|---|---|---|
| 003 | OSt | ||
| 005 | 20220918110824.0 | ||
| 006 | a|||||r|||| 00| 0 | ||
| 007 | ta | ||
| 008 | 220915b |||||||| |||| 00| 0 hin d | ||
| 020 |
_a9788125036777 (pbk) _c995 |
||
| 024 | _a258590 | ||
| 037 |
_b360, 17/12/2010, Eastern Book Linkers _cReference Collections |
||
| 040 |
_aARTS _cARTS _bhin |
||
| 041 |
_2hin _ahin |
||
| 082 | _aP122:4k, 152P9(RR) | ||
| 100 |
_aएस. सदाशिवन _99692 |
||
| 245 | 0 | _aफ्रेंच - हिंदी शब्दकोश | |
| 246 | _aFreancha - hiandī shabdakosha | ||
| 260 |
_aनई दिल्ली _bओरिएन्ट बैल्क स्वैन भारतु _c2009 |
||
| 300 | _a1645पृ0 | ||
| 942 |
_hP122:4k, 152P9(RR) _cREF |
||
| 999 |
_c115011 _d115011 |
||